[Event "Kort Paaske Gruppe 1 2014"]
[Site "Skorping"]
[Date "2014.04.19"]
[Round "4"]
[White "Dahl, Steve"]
[Black "Vangsgaard, Claus"]
[Result "0-1"]
[WhiteElo "1719"]
[BlackElo "1851"]
[PlyCount "100"]
[EventDate "2014.??.??"]

1. e4 c6 2. d4 d5 3. Nc3 dxe4 4. Nxe4 Bf5 5. Ng3 Bg6 6. h4 h6 7. Nf3 Nd7 8. h5
Bh7 9. Bd3 Bxd3 10. Qxd3 e6 11. Ne4 Ngf6 12. Nxf6+ Nxf6 13. Bd2 Qd5 14. c4 Qe4+
15. Qxe4 Nxe4 16. Be3 Bb4+ 17. Nd2 O-O-O 18. Rh4 f5 19. f3 Nxd2 20. Bxd2 Be7
21. Rh1 Bf6 22. O-O-O Rxd4 23. b3 Rhd8 24. Be3 Rxd1+ 25. Rxd1 Rxd1+ 26. Kxd1 b6
27. g4 Kd7 28. Ke2 Kd6 29. Kd3 fxg4 30. fxg4 Ke5 31. a3 c5 32. b4 Bg5 33. bxc5
Bxe3 34. c6 Kd6 35. Kxe3 Kxc6 36. Ke4 Kd6 37. Kd4 Ke7 38. Ke5 Kd7 39. a4 Ke7
40. Ke4 Kf6 41. Kf4 a5 42. Ke4 Kg5 43. Ke5 Kxg4 44. Kxe6 Kxh5 45. Kd6 g5 46.
Kc6 g4 47. Kxb6 g3 48. c5 g2 49. c6 g1=Q+ 50. Kxa5 Qa7+ 0-1

[Event "Kort Paaske Gruppe 1 2014"]
[Site "Skorping"]
[Date "2014.04.19"]
[Round "4"]
[White "Nielsen, Per (1963)"]
[Black "Petersen, Tom"]
[Result "1/2-1/2"]
[WhiteElo "1795"]
[BlackElo "1805"]
[PlyCount "74"]
[EventDate "2014.??.??"]

1. d4 d5 2. c4 Nf6 3. cxd5 Nxd5 4. Nf3 c6 5. e4 Nb6 6. Nc3 Bg4 7. Be3 e6 8. Bd3
N8d7 9. Qc2 Rc8 10. O-O-O Qc7 11. h3 Bxf3 12. gxf3 e5 13. dxe5 Nxe5 14. Be2
Nec4 15. Bg5 Bd6 16. Kb1 h6 17. Be3 Nxe3 18. fxe3 O-O 19. f4 Rcd8 20. e5 Bc5
21. Qe4 Rxd1+ 22. Nxd1 Qd7 23. Bd3 g6 24. Rg1 Kh8 25. e6 Qxe6 26. Qxe6 fxe6 27.
Rxg6 Nd5 28. Rxe6 Rf6 29. Re8+ Kg7 30. f5 Rf8 31. Rxf8 Bxf8 32. Bc4 Kf6 33. e4
Nf4 34. Nf2 Ke5 35. Nd3+ Kxe4 36. Nxf4 Kxf4 37. f6 Ke4 1/2-1/2

[Event "Kort Paaske Gruppe 1 2014"]
[Site "Skorping"]
[Date "2014.04.19"]
[Round "4"]
[White "Petersen, Poul Erik"]
[Black "Andersen, Torben Bodskov"]
[Result "0-1"]
[WhiteElo "1975"]
[BlackElo "2003"]
[PlyCount "74"]
[EventDate "2014.??.??"]

1. c4 f5 2. d4 Nf6 3. Nf3 g6 4. b3 Bg7 5. Bb2 O-O 6. e3 d6 7. Be2 Qe8 8. Qc2
Nbd7 9. d5 e5 10. dxe6 Nc5 11. O-O Qxe6 12. b4 Nce4 13. Nc3 c5 14. b5 b6 15.
Nd5 Qf7 16. Nxf6+ Nxf6 17. Ng5 Qe7 18. Bf3 Rb8 19. Nh3 Be6 20. Rad1 Rbd8 21.
Ng5 Bc8 22. Nh3 Be6 23. a4 Nd7 24. Nf4 Bf7 25. Nd5 Bxd5 26. Bxd5+ Kh8 27. a5 f4
28. Bxg7+ Qxg7 29. e4 f3 30. gxf3 Ne5 31. Qc1 Nxf3+ 32. Kh1 Qe5 33. Qa1 Nd4 34.
Rd3 Rf4 35. Rg3 Rdf8 36. Rg2 Rh4 37. axb6 axb6 0-1

[Event "Kort Paaske Gruppe 1 2014"]
[Site "Skorping"]
[Date "2014.04.19"]
[Round "4"]
[White "Schacht, Jorgen Vejby"]
[Black "Olsen, Lars Moller"]
[Result "1/2-1/2"]
[WhiteElo "1749"]
[BlackElo "1882"]
[PlyCount "110"]
[EventDate "2014.??.??"]

1. d4 d5 2. Nf3 Nf6 3. c4 c6 4. Nc3 e6 5. e3 Nbd7 6. Bd3 dxc4 7. Bxc4 b5 8. Bd3
Bb7 9. a3 Be7 10. O-O O-O 11. e4 a6 12. e5 Nd5 13. Nxd5 exd5 14. Bd2 c5 15. Be3
cxd4 16. Bxd4 Rc8 17. b4 Re8 18. Qe2 Nf8 19. Nd2 Ne6 20. Nb3 Rc4 21. Qe3 Qa8
22. f4 Nxd4 23. Nxd4 Qa7 24. Bxc4 dxc4 25. Nf5 Qa8 26. Qg3 Bf8 27. Nh6+ Kh8 28.
Nxf7+ Kg8 29. Nh6+ Kh8 30. Ng4 a5 31. f5 axb4 32. axb4 Qd8 33. Qc3 Qd5 34. Rf2
Qe4 35. h3 h5 36. Re1 Qd3 37. Qxd3 cxd3 38. Nh2 Bxb4 39. Rd1 Bc5 40. Kf1 Bxf2
41. Kxf2 Rxe5 42. Rxd3 Rxf5+ 43. Nf3 Bxf3 44. gxf3 Kh7 45. Rd7 Kh6 46. Rb7 h4
47. Rb6+ g6 48. Rb8 g5 49. Ke3 Rc5 50. Kd3 Kg6 51. Kd4 Rf5 52. Ke3 Kf7 53. Ke4
Rf4+ 54. Ke3 Rb4 55. Rb6 Kg7 1/2-1/2

[Event "Kort Paaske Gruppe 1 2014"]
[Site "Skorping"]
[Date "2014.04.19"]
[Round "4"]
[White "Vangsgaard, Freja"]
[Black "Vangsgaard, Bjarke"]
[Result "1/2-1/2"]
[WhiteElo "1786"]
[BlackElo "1803"]
[PlyCount "26"]
[EventDate "2014.??.??"]

1. d4 d5 2. c4 e6 3. Nc3 c6 4. cxd5 exd5 5. Bf4 Bf5 6. e3 Nf6 7. Nf3 Be7 8. Be2
h6 9. O-O Nbd7 10. Qb3 Qb6 11. Nd2 O-O 12. Na4 Qxb3 13. axb3 Bc2 1/2-1/2

[Event "Kort Paaske Gruppe 1 2014"]
[Site "Skorping"]
[Date "2014.04.19"]
[Round "4"]
[White "Yssing, Klaus"]
[Black "Lindholdt, Malik"]
[Result "1/2-1/2"]
[WhiteElo "2028"]
[BlackElo "2071"]
[PlyCount "45"]
[EventDate "2014.??.??"]

1. b3 Nf6 2. Bb2 c5 3. Nf3 Nc6 4. g3 d5 5. Bg2 e6 6. O-O Be7 7. c4 d4 8. d3 O-O
9. e4 e5 10. Nbd2 g6 11. h3 Ne8 12. Qe2 Nd6 13. Kh2 Be6 14. Ng1 b5 15. f4 bxc4
16. bxc4 f6 17. f5 Bd7 18. Ngf3 Rb8 19. Nb3 Nf7 20. Ba3 Nb4 21. Rfb1 Qc7 22.
Ne1 Nd8 23. Bf3 1/2-1/2

[Event "Kort Paaske Gruppe 1 2014"]
[Site "Skorping"]
[Date "2014.04.19"]
[Round "5"]
[White "Andersen, Torben Bodskov"]
[Black "Ekholm, Lars"]
[Result "0-1"]
[WhiteElo "2003"]
[BlackElo "1939"]
[PlyCount "116"]
[EventDate "2014.??.??"]

1. e4 e6 2. d4 d5 3. Nd2 Nf6 4. e5 Nfd7 5. f4 c5 6. c3 Nc6 7. Ndf3 Qb6 8. Ne2
cxd4 9. cxd4 Be7 10. Nc3 a6 11. Na4 Bb4+ 12. Bd2 Qa5 13. Nc3 Qb6 14. a3 Be7 15.
Na4 Qa7 16. Be3 b5 17. Nc3 f6 18. exf6 Nxf6 19. b4 O-O 20. Be2 Bd7 21. Ne5 Rac8
22. Qd3 Bd6 23. O-O Ne7 24. Rac1 Be8 25. Nxd5 exd5 26. Rxc8 Nxc8 27. Bf3 Ne7
28. g4 Qb7 29. g5 Ne4 30. Qb3 Kh8 31. Bg4 Bxe5 32. dxe5 Nf5 33. Bc1 Qc6 34. Rd1
Ne7 35. Be3 Bd7 36. Rc1 Qxc1+ 37. Bxc1 Bxg4 38. Be3 Rc8 39. Bd4 Be6 40. Qd1 Nf5
41. Bb2 Kg8 42. Qd3 Ne7 43. h4 Bf5 44. Qd1 Nc3 45. Qd2 d4 46. Kf1 Rc4 47. h5
Ned5 48. h6 g6 49. Bxc3 Nxc3 50. Qg2 Ne4 51. Qb2 Kf8 52. a4 Ng3+ 53. Ke1 Rc3
54. axb5 Re3+ 55. Kf2 Re2+ 56. Qxe2 Nxe2 57. bxa6 Nc3 58. Ke1 Nb5 0-1

[Event "Kort Paaske Gruppe 1 2014"]
[Site "Skorping"]
[Date "2014.04.19"]
[Round "5"]
[White "Bonnez, Finn"]
[Black "Hove, Svend Kjems"]
[Result "0-1"]
[WhiteElo "1962"]
[BlackElo "1911"]
[PlyCount "72"]
[EventDate "2014.??.??"]

1. d4 c5 2. d5 e5 3. e4 Na6 4. Nc3 Nc7 5. a4 d6 6. h3 f5 7. Nf3 Nf6 8. Bg5 h6
9. Bxf6 Qxf6 10. Nb5 Na6 11. Nd2 Be7 12. Bc4 O-O 13. Qe2 f4 14. O-O-O Bd7 15.
f3 Rfc8 16. Bb3 Nb4 17. c3 Na6 18. Rdg1 Nb8 19. Kc2 a6 20. Na3 b6 21. c4 Qf8
22. Nab1 Bh4 23. Nf1 b5 24. axb5 axb5 25. g3 Bf6 26. h4 Na6 27. Nh2 Nb4+ 28.
Kd2 bxc4 29. Bxc4 Ra1 30. h5 fxg3 31. Rxg3 Bg5+ 32. Rxg5 hxg5 33. Qg2 Qf4+ 34.
Ke2 Nc2 35. Kd3 Qe3+ 36. Kxc2 Ba4+ 0-1

[Event "Kort Paaske Gruppe 1 2014"]
[Site "Skorping"]
[Date "2014.04.19"]
[Round "5"]
[White "Lindholdt, Malik"]
[Black "Vangsgaard, Freja"]
[Result "1-0"]
[WhiteElo "2071"]
[BlackElo "1786"]
[PlyCount "62"]
[EventDate "2014.??.??"]

1. e4 d5 2. exd5 Qxd5 3. Nc3 Qa5 4. d4 Nf6 5. Nf3 c6 6. Bd2 Qc7 7. Bc4 Bf5 8.
Ne5 e6 9. g3 Bg6 10. Qe2 Qd8 11. O-O-O b5 12. Bb3 a5 13. a4 b4 14. Nxg6 hxg6
15. Ne4 Be7 16. Nxf6+ Bxf6 17. Be3 Nd7 18. f4 O-O 19. h4 Nb6 20. g4 Be7 21. h5
Nd5 22. Bd2 Qd7 23. Bc4 Bd6 24. Qh2 Rfe8 25. Bd3 gxh5 26. Qxh5 Kf8 27. g5 Nf6
28. Qh8+ Ng8 29. Rh7 f5 30. Rdh1 Ra7 31. Qxg8+ Ke7 1-0

[Event "Kort Paaske Gruppe 1 2014"]
[Site "Skorping"]
[Date "2014.04.19"]
[Round "5"]
[White "Olsen, Keld Johnny"]
[Black "Christensen, Thomas (1974)"]
[Result "1/2-1/2"]
[WhiteElo "1813"]
[BlackElo "1855"]
[PlyCount "24"]
[EventDate "2014.??.??"]

1. c4 e5 2. Nc3 Nc6 3. g3 Nf6 4. Bg2 g6 5. Nf3 Bg7 6. d4 exd4 7. Nxd4 Ne5 8. b3
O-O 9. Bb2 d6 10. Qc2 Rb8 11. Rd1 Bd7 12. O-O a6 1/2-1/2

[Event "Kort Paaske Gruppe 1 2014"]
[Site "Skorping"]
[Date "2014.04.19"]
[Round "5"]
[White "Olsen, Lars Moller"]
[Black "Petersen, Tom"]
[Result "1/2-1/2"]
[WhiteElo "1882"]
[BlackElo "1805"]
[PlyCount "80"]
[EventDate "2014.??.??"]

1. d4 d5 2. c4 Nf6 3. cxd5 Nxd5 4. Nf3 c6 5. e4 Nb6 6. h3 h6 7. Be2 Be6 8. Qc2
f6 9. Be3 Bf7 10. Nc3 N8d7 11. Bf4 e6 12. O-O-O Bb4 13. a3 Be7 14. h4 Bg6 15.
Bd3 a6 16. Rh3 Bh5 17. Rg3 Bxf3 18. gxf3 g5 19. hxg5 hxg5 20. Be3 Qc7 21. Kb1
O-O-O 22. Qb3 e5 23. dxe5 fxe5 24. Bf1 Nc5 25. Bxc5 Rxd1+ 26. Qxd1 Bxc5 27.
Bh3+ Kb8 28. Bf5 Bxf2 29. Rxg5 Be3 30. Rg3 Rd8 31. Qb3 Qd6 32. Rg8 Ka8 33.
Rxd8+ Qxd8 34. Nb5 axb5 35. Qxe3 Qd1+ 36. Ka2 Ka7 37. Be6 Qd6 38. Bb3 c5 39.
Qe2 Qd4 40. Qd1 Qxd1 1/2-1/2

[Event "Kort Paaske Gruppe 1 2014"]
[Site "Skorping"]
[Date "2014.04.19"]
[Round "5"]
[White "Petersen, Poul Erik"]
[Black "Yssing, Klaus"]
[Result "1-0"]
[WhiteElo "1975"]
[BlackElo "2028"]
[PlyCount "164"]
[EventDate "2014.??.??"]

1. Nf3 Nf6 2. c4 g6 3. g3 Bg7 4. Bg2 d5 5. cxd5 Nxd5 6. Nc3 c6 7. Nxd5 cxd5 8.
d4 Nc6 9. O-O O-O 10. e3 e6 11. Bd2 Qb6 12. Bc3 Bd7 13. Qd2 Rfc8 14. Rfb1 a5
15. Ne5 Nxe5 16. dxe5 Qc7 17. f4 b5 18. e4 b4 19. Bd4 Qc2 20. Qe3 Bc6 21. b3
dxe4 22. Rc1 Qd3 23. Qxd3 exd3 24. Rxc6 Rd8 25. Bb6 Rd7 26. Rd1 Bf8 27. Kf1 a4
28. Be4 axb3 29. axb3 d2 30. Rc2 Ra3 31. Rdxd2 Rxd2 32. Rxd2 Rxb3 33. Ke1 h5
34. Kd1 h4 35. g4 Kg7 36. g5 Ra3 37. Rb2 Ra1+ 38. Rb1 Ra2 39. Bc2 Ra6 40. Bf2
h3 41. Rb3 Ra1+ 42. Bb1 Be7 43. Kc2 Ra5 44. Rxh3 Ra6 45. Kb2 Rc6 46. Rd3 Rc4
47. Rd4 Rc3 48. Be1 Rh3 49. Bxb4 Bxb4 50. Rxb4 Rxh2+ 51. Kc3 Rf2 52. Kd3 Rf1
53. Ke2 Rc1 54. Bd3 Rc7 55. Rc4 Ra7 56. Ke3 Ra5 57. Rc8 Ra3 58. Kd4 Ra1 59. Re8
Rc1 60. Bc4 Rd1+ 61. Ke3 Re1+ 62. Kf3 Ra1 63. Bxe6 Ra3+ 64. Kg4 fxe6 65. Rxe6
Ra1 66. Rf6 Ra3 67. Rd6 Kf7 68. Rd7+ Kf8 69. Rd4 Kf7 70. f5 gxf5+ 71. Kxf5 Ra6
72. Rd7+ Kf8 73. e6 Ra1 74. Rf7+ Kg8 75. g6 Rf1+ 76. Ke5 Ra1 77. e7 Ra8 78. Kf6
Rb8 79. Kg5 Ra8 80. Kh6 Re8 81. Rf8+ Rxf8 82. exf8=Q+ Kxf8 1-0

[Event "Kort Paaske Gruppe 1 2014"]
[Site "Skorping"]
[Date "2014.04.19"]
[Round "5"]
[White "Schacht, Jorgen Vejby"]
[Black "Nielsen, Per (1963)"]
[Result "0-1"]
[WhiteElo "1749"]
[BlackElo "1795"]
[PlyCount "36"]
[EventDate "2014.??.??"]

1. d4 Nf6 2. c4 g6 3. Nc3 d5 4. cxd5 Nxd5 5. e4 Nxc3 6. bxc3 Bg7 7. Bc4 c5 8.
Ne2 Nc6 9. Be3 O-O 10. O-O Qc7 11. Qd2 Rd8 12. Bb3 b6 13. Rac1 Ba6 14. Bd5 e6
15. Bf4 Qd7 16. Bxc6 Qxc6 17. Qe3 Qa4 18. dxc5 Rd3 0-1

[Event "Kort Paaske Gruppe 1 2014"]
[Site "Skorping"]
[Date "2014.04.19"]
[Round "5"]
[White "Vangsgaard, Claus"]
[Black "Vangsgaard, Bjarke"]
[Result "1/2-1/2"]
[WhiteElo "1851"]
[BlackElo "1803"]
[PlyCount "43"]
[EventDate "2014.??.??"]

1. e4 d5 2. exd5 Qxd5 3. Nc3 Qa5 4. d4 Nf6 5. Bc4 c6 6. Bd2 Bf5 7. Nd5 Qd8 8.
Nxf6+ gxf6 9. Nf3 e6 10. c3 Bg7 11. Qe2 O-O 12. Nh4 Bg6 13. Nxg6 hxg6 14. O-O
Nd7 15. Rfe1 Qc7 16. Rad1 Rad8 17. Qg4 f5 18. Qh4 Nb6 19. Bb3 c5 20. dxc5 Qxc5
21. Be3 Qc7 22. Bg5 1/2-1/2